Gminy powiatu bialskiego - Statystyki

Ogólne statystyki
  • Ten quiz został rozwiązany 29 razy
    18 od ostatniego zresetowania
  • Średni wynik to 10 z 17
Odpowiedzi na mapie
Odpowiedzi zakodowano w zielono-czerwonej skali na mapie do tego quizu, zgodnie z poniższymi procentami.
 
Statystyki odpowiedzi
Gmina % Poprawnych
Terespol
100%
Janów Podlaski
88%
Biała Podlaska
75%
Drelów
75%
Konstantynów
75%
Międzyrzec Podlaski
75%
Piszczac
75%
Wisznice
63%
Leśna Podlaska
50%
Łomazy
50%
Sławatycze
50%
Tuczna
50%
Kodeń
38%
Rokitno
38%
Sosnówka
38%
Zalesie
38%
Rossosz
25%
Nie znaleziono quizów pasujących do podanych kryteriów
Rozkład punktacji
Procent ludzi z każdym wynikiem
Percentyl według liczby udzielonych odpowiedzi
Twoja historia wyników
Nie rozwiązałeś tego quizu od ostatniego zresetowania